| 000 | 00438nam a22001217a 4500 | ||
|---|---|---|---|
| 008 | 230606b xxu||||| |||| 00| 0 eng d | ||
| 082 |
_a354.676205 _bSID |
||
| 110 | _bKenya school of monetary studies, Nairobi, kenya | ||
| 245 |
_aReport Of the National Conference on Equity & Growth _bTowards a policy Agenda for Kenya _cMay 22-23, 2006 _hKenya school of monetary studies, Nairobi, kenya |
||
| 260 | _bSID | ||
| 300 | _a197p | ||
| 942 |
_2ddc _cBK |
||
| 999 |
_c666 _d666 |
||